01415nam a2200421 i 450000100060000000300090000600500170001500800390003201500170007102000140008804000410010204600090014308000210015208000120017308000080018510000400019324500870023326000580032030000350037833600270041333700540044033800280049438000170052238000230053950000480056250400470061064800140065764800140067164800140068565000300069965000250072965100120075465100110076665800130077765800510079071000540084185600980089537243KOSZ 00520240405063118.0031103s1998 pl a g 001 0 pol aPB 2004/2947 z839093158 aWA NcWA NdKOSZ 005/RWdKOSZ 005/HR k1998 a94(438).082/.083 a94(477) a3271 aSowa, Andrzej Leond(1946- )eAutor10aStosunki polsko-ukraińskie 1939-1947 :bzarys problematyki /cAndrzej Leon Sowa. aKraków :bTowarzystwo Sympatyków Historii,c1998. a342 strony :berrata ;c21 cm. aTekstbtxt2rdacontent aBez urządzenia pośredniczącegobn2rdamedia aWoluminbnc2rdacarrier aKsiążki. aPublikacje naukowe aNa książce wyłącznie błędny ISBN. aBibliografia na stronach 305-319. Indeksy. 4a1901-2000 4a1945-1989 4a1939-1945 4aPolityka międzynarodowa 4aStosunki bilateralne 4aUkraina 4aPolska aHistoria aPolityka, politologia, administracja publiczna2 aTowarzystwo Sympatyków Histori (Kraków)4pbl. uhttp://koha.tu.koszalin.pl/cgi-bin/koha/opac-detail.pl?biblionumber=37243yKatalog online BPK